000 00566nam a2200169 4500
999 _c4274
_d4274
008 160903b xxu||||| |||| 00| 0 eng d
022 _a2094-8042
082 _aDPer 370.105 M72 Jan-Dec 2012 v. 60-61
100 _913991
_aMontera, Godfrey G.
243 _aThe modern teacher
245 _aGlobal warming :
_bhahayaan o lalabanan/
_cGodfrey G. Montera.
260 _aPhilippines:
_bIn the Grade School, Inc.,
_c©2012.
300 _av61 n1, pages 35 and 37;
_c28 cm.
500 _aThe Modern Teacher
650 0 _913992
_aGreenhouse effect
942 _2ddc
_cPER